Liverpool John Lennon Airport Destinations (Liverpool, UK) - Statistics

General Stats
  • This quiz has been taken 133 times
    33 since last reset
  • The average score is 57 of 78
Answer Stats
Airline Destination % Correct
easyJet Paris (Charles de Gaulle)
100%
easyJet/Ryanair Barcelona
95%
easyJet Belfast (City)
95%
easyJet Belfast (Intertional)
95%
Ryanair Cork
95%
Aer Lingus/Ryanair Dublin
95%
Ryanair Madrid
95%
Ryanair Rome (Ciampino)
95%
easyJet Berlin
90%
Ryanair Budapest
90%
easyJet Geneva
90%
Jet2.com/Ryanair Ibiza
90%
easyJet/Jet2.com/Ryanair Kraków
90%
easyJet Marseille
90%
easyJet Milan (Malpensa)
90%
easyJet Nice
90%
easyJet/Jet2.com Vienna
90%
Wizz Air Warsaw (Chopin)
90%
Ryanair Warsaw (Modlin)
90%
easyJet/Jet2.com/Ryanair Alicante
86%
easyJet Amsterdam
86%
Wizz Air Bucharest (Otopeni)
86%
Wizz Air Gdańsk
86%
easyJet/Jet2.com Kos
86%
easyJet Oslo
86%
Jet2.com Reykjavík
86%
Jet2.com Rhodes
86%
Ryanair Sofia
86%
easyJet/Jet2.com Antalya
81%
easyJet/Jet2.com/Ryanair Corfu
81%
easyJet/Jet2.com/Ryanair Faro
81%
easyJet/Jet2.com Gran Canaria
81%
easyJet Lisbon
81%
easyJet/Jet2.com/Ryanair Málaga
81%
Jet2.com Menorca
81%
easyJet/Jet2.com/Ryanair Palma de Mallorca
81%
Ryanair Poznań
81%
easyJet/Jet2.com/Ryanair Tenerife (South)
81%
easyJet/Jet2.com/Ryanair Lanzarote
76%
Ryanair Porto
76%
Ryanair Wrocław
76%
Jet2.com Zakynthos
76%
easyJet/Jet2.com Dalaman
71%
easyJet/Jet2.com/Ryanair Fuerteventura
71%
easyJet/Jet2.com Heraklion
71%
easyJet/Loganair Isle of Man
71%
easyJet Jersey
71%
easyJet/Jet2.com/Ryanair Malta
71%
easyJet/Ryanair Marrakesh
71%
easyJet Salzburg
71%
Ryanair Shannon
71%
Ryanair Tirana
71%
Ryanair Bergamo
67%
easyJet/Jet2.com Bodrum
67%
Ryanair Knock
67%
easyJet Larnaca
67%
easyJet/Jet2.com/Ryanair Paphos
67%
easyJet/Jet2.com Prague
67%
easyJet Split
67%
Ryanair Turin
67%
Jet2.com Funchal
62%
easyJet Sharm El Sheikh
62%
Ryanair Zadar
62%
Jet2.com Burgas
57%
easyJet Derry
57%
Jet2.com Reus
57%
easyJet Almería
52%
Jet2.com Bergen
52%
easyJet Hurghada
52%
Wizz Air Iași
48%
Wizz Air Katowice
48%
Dan Air Bacau
38%
Ryanair Kaunas
38%
Ryanair Rovaniemi
38%
Ryanair Szczecin
29%
Ryanair Bergerac
24%
easyJet Enfidha
24%
Ryanair Košice
24%
No matching quizzes found
Score Distribution
Percent of People with Each Score
Percentile by Number Answered
Your Score History
You have not taken this quiz since the last reset